Catalog

Record Details

Catalog Search



Co je nového ve filozofii  Cover Image Book Book

Co je nového ve filozofii / Miroslav Petříček

Record details

  • ISBN: 978-80-906751-8-6
  • Physical Description: 89 stran ; 21 cm
  • Edition: 1. vydání
  • Publisher: Praha : Nová beseda, 2018

Content descriptions

Bibliography, etc. Note:
Obsahuje bibliografie, bibliografické odkazy a rejstříky
Language Note:
České a anglické resumé
Subject: filozofie > mezioborový kontext > 20.-21. století
Genre: studie

Available copies

  • 1 of 1 copy available at Common Catalog SPOK.

Holds

  • 0 current holds with 1 total copy.
Show Only Available Copies
Location Call Number / Copy Notes Barcode Shelving Location Status Due Date
Jabok Library FL-2.7/P
Pořízeno z projektu Škola jako místo, kde se vzdělává a žije: CZ.07.4.68/0.0/0.0/16_037/0000325
424480041715 Odborná literatura Available -

LDR 01276nam a2200409 i 4500
00130789
003CZ-PrJAB
00520190122161611.0
007ta
008180926s2018 xr e 001 0 cze
015 . ‡acnb003038530
020 . ‡a978-80-906751-8-6 ‡q(brožováno)
035 . ‡a(CZ PrNK)nkc20183038530
040 . ‡aABA001 ‡bcze ‡dBOA001 ‡erda
0410 . ‡acze ‡bcze ‡beng
045 . ‡ax-y-
072 7. ‡a101 ‡xFilozofie ‡2Konspekt ‡95
080 . ‡a101 ‡2MRF
080 . ‡a001.2 ‡2MRF
080 . ‡a(048.8) ‡2MRF
1001 . ‡aPetříček, Miroslav, ‡d1951- ‡7jn99240000872 ‡4aut
24510. ‡aCo je nového ve filozofii / ‡cMiroslav Petříček
250 . ‡a1. vydání
264 1. ‡aPraha : ‡bNová beseda, ‡c2018
300 . ‡a89 stran ; ‡c21 cm
336 . ‡atext ‡btxt ‡2rdacontent
337 . ‡abez média ‡bn ‡2rdamedia
338 . ‡asvazek ‡bnc ‡2rdacarrier
4901 . ‡aCJN ; ‡v12
504 . ‡aObsahuje bibliografie, bibliografické odkazy a rejstříky
546 . ‡aČeské a anglické resumé
648 7. ‡a20.-21. století ‡7ch462155 ‡2czenas
65007. ‡afilozofie ‡7ph114540 ‡xmezioborový kontext ‡y20.-21. století ‡2czenas
655 7. ‡astudie ‡7fd133597 ‡2czenas
830 0. ‡aCo je nového
910 . ‡aABG312
950 . ‡aska
901 . ‡a30789 ‡b ‡c30789 ‡tbiblio

Additional Resources